00461nam a22001457a 450000500170000000800410001702000180005804000130007608200180008911000300010724501010013726000330023830000120027165000320028320241008111623.0180320b xxu||||| |||| 00| 0 eng d a9789332582798 cPK-LaUMT a621.076bGAT- aTrishna Knowledge Systems aGATE (graduate aptitude test in engineering) mechanical engineering /cTrishna Knowledge Systems aTamil Nadu :bPearson,c2017 avareCD aGATE Mechanical engineering